• 首页
  • 本馆介绍
  • 公告通知
  • 最新文献
  • 馆藏检索
  • 电子资源
  • 读者导购
  • 参考咨询
  • 我的图书馆
  • 登录
  • 详细信息显示
  • 放入我的书架
  • 预约/预借图书
  • 作者相关作品
  • 分类相关作品
  • 丛书相关作品
  • 出版社相关作品

书目信息

  • 表格格式
  • 工作单格式
  • 卡片格式
书名: Probability and random processes for electrical engineering
作者: Alberto Leon-Garcia
分册号:
分册名:
出版地: Reading, Mass. :
 
出版社: Addison-Wesley
出版时间: c1989.
页数: xiv, 596 p. :
开本: 24 cm.
丛书名: Addison-Wesley series in electrical and computer engineering
中图分类号:
科图分类号:
其他分类号: TM11
主题词:
电子资源:
000 01113nam 2200313 a 4500
001 E0759876483
005 20070707163849.35
008 00110 eng
008 uu
010    @a88019374
020    @a0201129078 (solutions manual).
020    @a020112906X :@c$41.95.
049    @aN5LA
050 0  @aTK153 @b.L425 1989
082 0  @a621.3 @219
090    @a2-90/TM11/L58//////////846353/1105779/ cop.2
090    @aTM11
096    @aTM11 @v2
099    @dTM11@ex7=2
100 20 @aLeon-Garcia, Alberto.
245 10 @aProbability and random processes for electrical engineering@s (2th ed) / @cAlberto Leon-Garcia
260 0  @aReading, Mass. :@bAddison-Wesley,@cc1989.
300    @axiv, 596 p. :@bill. ;@c24 cm.
440  0 @aAddison-Wesley series in electrical and computer engineering
504    @aIncludes bibliographies and index.
650  0 @aProbabilities.
650  0 @aStochastic processes. @b00 @c20020930 @lNLC09 @h2250 @b00 @c20021113 @lNLC09 @h1024 @lNLC09 @h2344 @lNLC09 @h1936
650  0 @aElectric engineering @xMathematics.
852 9  @bWWJC @cJ08N @k2-90 @hTM11 @iL58
    
    Probability and random processes for electrical engineering ( (2th ed) / ). / Alberto Leon-Garcia.-Reading, Mass. : : Addison-Wesley, , c1989.
    xiv, 596 p. : : ill. ; ; 24 cm.- (Addison-Wesley series in electrical and computer engineering )
    Includes bibliographies and index.
    
    ISBN 0201129078 (solutions manual).
    
●
相关链接 在E读中查询图书 在五车中查询图书 在当当中查询图书 在豆瓣中查询图书


正题名:Probability and random processes for electrical engineering     索取号:TM11/x7=2         预约/预借

序号 登录号 条形码 馆藏地/架位号 状态 备注
1 0011161   300111616   第二样本阅览室/ [索取号:TM11/x7=2] 在馆    
2 0011162   300111625   第四借阅区/ [索取号:TM11/x7=2] 在馆    
3 0011163   300111634   第四借阅区/ [索取号:TM11/x7=2] 在馆    
唐山师范学院图书馆 欢迎您!
大连网信软件有限公司© 版权所有